[Event "IECC M email"]
[Site "IECC email"]
[Date "2000.02.06"]
[Round "?"]
[White "Huang, Peter"]
[Black "Scheirer, Jorge"]
[Result "1/2-1/2"]
[WhiteElo "1299"]
[BlackElo "1500"]
[PlyCount "65"]
[EventDate "2000.??.??"]
[EventType "tourn (corr)"]
[EventRounds "2"]
[SourceTitle "Corr 2008"]
[Source "ChessBase"]
[SourceDate "2008.06.24"]
[SourceVersion "1"]
[SourceVersionDate "2008.06.24"]
[SourceQuality "1"]

1. e4 c5 2. Nf3 Nc6 3. d3 Nf6 4. g3 d6 5. Bg2 g6 6. 0-0 Bg7 7. Nc3 Be6 8. Ng5 d5 9. Nxe6 fxe6 10. exd5 exd5 11. Bg5 d4 12. Bxc6+ bxc6 13. Ne2 0-0 14. Re1 Qd5 15. Bxf6 Rxf6 16. Nf4 Qd7 17. c4 Raf8 18. Re2 Bh6 19. Qe1 Bxf4 20. Rxe7 Qg4 21. Qe4 Qf5 22. Qxf5 Rxf5 23. gxf4 Rxf4 24. Rf1 Rf3 25. Rxa7 Rxd3 26. Rc7 Rf6 27. f4 Re3 28. Kg2 Re4 29. Kg3 g5 30. Rc8+ Kg7 31. Rc7+ Kg8 32. Rc8+ Kg7 33. Rc7+ 1/2-1/2